[Event "4NCL Division 1 & 2"]
[Site "Daventry, ENG"]
[Date "2022.02.13"]
[Round "4.11"]
[White "Speelman, Jon S"]
[Black "Lupulescu, Constantin"]
[Result "1/2-1/2"]
[WhiteElo "2504"]
[BlackElo "2620"]
[PlyCount "28"]
[EventDate "2022.02.13"]
[WhiteTeam "Wood Green"]
[BlackTeam "Chess.com Manx Liberty"]

1. d4 Nf6 2. Nf3 d5 3. c4 e6 4. Nc3 Nbd7 5. cxd5 exd5 6. Bf4 c6 7. h3 Ne4 8.
Nxe4 dxe4 9. Nd2 Nf6 10. e3 Nd5 11. Bh2 Bf5 12. a3 Bd6 13. Bxd6 Qxd6 14. g4 Bg6
1/2-1/2

[Event "4NCL Division 1 & 2"]
[Site "Daventry, ENG"]
[Date "2022.02.13"]
[Round "4.12"]
[White "Parligras, Mircea-Emilian"]
[Black "Haria, Ravi"]
[Result "1/2-1/2"]
[WhiteElo "2575"]
[BlackElo "2490"]
[PlyCount "59"]
[EventDate "2022.02.13"]
[WhiteTeam "Chess.com Manx Liberty"]
[BlackTeam "Wood Green"]

1. d4 e6 2. c4 Nf6 3. Nf3 d5 4. Nc3 Bb4 5. e3 O-O 6. Bd2 b6 7. cxd5 exd5 8. Rc1
Re8 9. Bd3 Bb7 10. O-O Bf8 11. Ne5 c5 12. f4 Nc6 13. Ne2 Rc8 14. Be1 Ne4 15.
Bc3 Ne7 16. Ng3 f6 17. Nf3 Qd7 18. dxc5 Nxc5 19. Nd4 Nxd3 20. Qxd3 Nc6 21. Nxc6
Bxc6 22. Qd2 Bb7 23. Bd4 Qg4 24. Qd1 Qxd1 25. Rfxd1 Ba6 26. Kf2 Kf7 27. Ne2
Bxe2 28. Kxe2 Ke6 29. g4 Bc5 30. Rc3 1/2-1/2

[Event "4NCL Division 1 & 2"]
[Site "Daventry, ENG"]
[Date "2022.02.13"]
[Round "4.13"]
[White "Tan, Justin"]
[Black "Jaracz, Pawel"]
[Result "1-0"]
[WhiteElo "2526"]
[BlackElo "2459"]
[PlyCount "147"]
[EventDate "2022.02.13"]
[WhiteTeam "Wood Green"]
[BlackTeam "Chess.com Manx Liberty"]

1. e4 c6 2. d4 d5 3. e5 Bf5 4. Nd2 e6 5. Nb3 Nd7 6. Nf3 h6 7. Be2 Qc7 8. O-O a6
9. Re1 c5 10. dxc5 Bxc5 11. Nxc5 Nxc5 12. Nd4 Ne7 13. Bf1 O-O 14. h3 Rac8 15.
c3 Qb6 16. a4 Bh7 17. Ra3 Nf5 18. a5 Qc7 19. Bf4 Nd7 20. Qd2 Nc5 21. g4 Nh4 22.
f3 Qe7 23. Bg3 Rce8 24. b4 Nd7 25. Qf2 Ng6 26. Bxa6 Ngxe5 27. Bb5 Nd3 28. Bxd3
Bxd3 29. Qe3 Bg6 30. a6 bxa6 31. Nc6 Qf6 32. Bd6 e5 33. Bxf8 Qxc6 34. Bc5 Re6
35. Rd1 Rf6 36. Be7 Rf4 37. Bh4 Rc4 38. Be1 f6 39. Qa7 d4 40. Rxa6 Qxf3 41.
Qa8+ Qxa8 42. Rxa8+ Kh7 43. Rd8 Bc2 44. Ra1 Rc7 45. Ra6 f5 46. Rd6 Ba4 47. Ra8
dxc3 48. Rxa4 c2 49. Bd2 c1=Q+ 50. Bxc1 Rxc1+ 51. Kg2 Rc2+ 52. Kf1 Nf6 53. gxf5
Ne4 54. Rd8 Ng3+ 55. Ke1 Nxf5 56. Rd5 Rb2 57. Rxe5 Kg6 58. Kd1 Kf6 59. Rc5 Rb3
60. b5 Rxh3 61. Ra6+ Kg5 62. b6 Rb3 63. Raa5 Rxb6 64. Rxf5+ Kg6 65. Rfb5 Re6
66. Re5 Rb6 67. Ke2 Kh7 68. Kf3 Rb1 69. Ra7 Rb3+ 70. Re3 Rb5 71. Kg2 Rb2+ 72.
Kh3 Rb8 73. Rg3 Rg8 74. Kh4 1-0

[Event "4NCL Division 1 & 2"]
[Site "Daventry, ENG"]
[Date "2022.02.13"]
[Round "4.14"]
[White "Bobras, Piotr"]
[Black "Sukandar, Irine Kharisma"]
[Result "1/2-1/2"]
[WhiteElo "2500"]
[BlackElo "2455"]
[PlyCount "109"]
[EventDate "2022.02.13"]
[WhiteTeam "Chess.com Manx Liberty"]
[BlackTeam "Wood Green"]

1. e4 e5 2. Nf3 Nc6 3. Bb5 a6 4. Ba4 Nf6 5. O-O Be7 6. Re1 b5 7. Bb3 O-O 8. a4
b4 9. d3 d6 10. a5 Be6 11. Bxe6 fxe6 12. Nbd2 Rb8 13. c3 Rb5 14. d4 bxc3 15.
bxc3 exd4 16. cxd4 Nxa5 17. Qc2 Nd7 18. Nc4 Nc6 19. Na3 Rb6 20. Qc4 Kh8 21. Be3
d5 22. exd5 exd5 23. Qxd5 Nb4 24. Qb3 Qa8 25. Bd2 Nd5 26. Qa4 Rg6 27. Qxd7 Rxf3
28. Nc4 Rf8 29. g3 Rgf6 30. Re2 Bb4 31. Ne5 Bxd2 32. Rxd2 Nc3 33. Rc1 Nb5 34.
Rc6 Rd8 35. Qe7 Rxc6 36. Nxc6 Re8 37. Qd7 Re1+ 38. Kg2 Qe8 39. Qxe8+ Rxe8 40.
Ra2 h6 41. Rxa6 Re2 42. Ra5 Nc3 43. h4 Kh7 44. Rf5 Re6 45. Ne5 Ne2 46. d5 Re7
47. f4 Nc3 48. Ng4 Kg6 49. Rf8 Nxd5 50. Ne5+ Kh7 51. h5 Nf6 52. g4 Re8 53. Rf7
Kg8 54. Rxc7 Nd5 55. Rc5 1/2-1/2

[Event "4NCL Division 1 & 2"]
[Site "Daventry, ENG"]
[Date "2022.02.13"]
[Round "4.15"]
[White "Harvey, Marcus R"]
[Black "Cyborowski, Lukasz"]
[Result "0-1"]
[WhiteElo "2464"]
[BlackElo "2494"]
[PlyCount "84"]
[EventDate "2022.02.13"]
[WhiteTeam "Wood Green"]
[BlackTeam "Chess.com Manx Liberty"]

1. c4 e6 2. Nf3 Nf6 3. b3 b6 4. g3 Bb7 5. Bg2 Be7 6. Bb2 O-O 7. O-O d5 8. cxd5
Nxd5 9. d4 Nd7 10. Nbd2 N5f6 11. Rc1 Rc8 12. Rc2 c5 13. Qc1 b5 14. dxc5 Bxc5
15. Bd4 Qb6 16. Bxc5 Nxc5 17. Ne5 Bxg2 18. Kxg2 Qb7+ 19. Ndf3 Nce4 20. Rd1 Nd5
21. Rd4 Nec3 22. Rh4 f6 23. Ng4 Nxe2 24. Qb1 Rxc2 25. Qxc2 Ndf4+ 26. gxf4 Qxf3+
27. Kxf3 Nd4+ 28. Ke4 Nxc2 29. Ne3 Rc8 30. f5 Nxe3 31. fxe3 exf5+ 32. Kxf5 Rc5+
33. Ke6 Re5+ 34. Kd6 Rxe3 35. Kc6 Re5 36. Rd4 a5 37. Rd7 b4 38. Kb6 f5 39. Kc6
f4 40. Rd4 Rf5 41. Kd6 f3 42. Ke7 g6 0-1

[Event "4NCL Division 1 & 2"]
[Site "Daventry, ENG"]
[Date "2022.02.13"]
[Round "4.16"]
[White "Galyas, Miklos"]
[Black "Czopor, Maciej"]
[Result "0-1"]
[WhiteElo "2468"]
[BlackElo "2416"]
[PlyCount "132"]
[EventDate "2022.02.13"]
[WhiteTeam "Chess.com Manx Liberty"]
[BlackTeam "Wood Green"]

1. c4 Nf6 2. g3 e6 3. Bg2 d5 4. Nf3 d4 5. O-O c5 6. d3 Nc6 7. e3 Bd6 8. exd4
cxd4 9. a3 a5 10. Bg5 h6 11. Bxf6 Qxf6 12. Nbd2 Qe7 13. Re1 O-O 14. Rc1 Rd8 15.
Ne4 Bc7 16. c5 Bd7 17. Qe2 a4 18. Nfd2 Na5 19. f4 Bb5 20. Nf2 g6 21. Ng4 Kg7
22. Ne5 Ra6 23. Rc2 Bb8 24. h4 h5 25. Rec1 Nb3 26. Nxb3 axb3 27. Rd2 Rc8 28.
Rdd1 Rxc5 29. Rxc5 Qxc5 30. Bxb7 Ra7 31. Bf3 Bxe5 32. fxe5 Rc7 33. Rd2 Qc1+ 34.
Qd1 Ba4 35. Qxc1 Rxc1+ 36. Bd1 Rc2 37. Rf2 Rc1 38. Rd2 g5 39. hxg5 Kg6 40. Kf2
Kxg5 41. Ke1 Bc6 42. Kf2 Bd5 43. Bf3 Rc2 44. Re2 Bxf3 45. Kxf3 Rxe2 46. Kxe2
Kf5 47. Kf3 Kxe5 48. g4 hxg4+ 49. Kxg4 f6 50. Kf3 Kd6 51. Kf4 e5+ 52. Kg4 Ke6
53. Kg3 f5 54. Kf3 Kd5 55. Ke2 e4 56. Kd2 e3+ 57. Ke2 f4 58. Kf3 Ke6 59. Ke2
Ke5 60. Kf3 Kf5 61. Kg2 Kg4 62. a4 f3+ 63. Kf1 Kg3 64. a5 f2 65. a6 Kf3 66. a7
e2# 0-1

[Event "4NCL Division 1 & 2"]
[Site "Daventry, ENG"]
[Date "2022.02.13"]
[Round "4.17"]
[White "McPhillips, Joseph"]
[Black "Kolbus, Dietmar"]
[Result "1/2-1/2"]
[WhiteElo "2413"]
[BlackElo "2305"]
[PlyCount "76"]
[EventDate "2022.02.13"]
[WhiteTeam "Wood Green"]
[BlackTeam "Chess.com Manx Liberty"]

1. Nf3 d5 2. c4 c6 3. d4 Nf6 4. Nc3 g6 5. Bf4 Bg7 6. cxd5 Nxd5 7. Bd2 O-O 8. e4
Nxc3 9. bxc3 c5 10. d5 e6 11. Bc4 b5 12. Bxb5 exd5 13. e5 Qc7 14. O-O Bd7 15.
Rb1 Bxb5 16. Rxb5 a6 17. Rb2 Nd7 18. Bf4 Qc6 19. Rd2 Nb6 20. Re1 Rfe8 21. h4
Rad8 22. Qc1 Nc4 23. Rde2 Rd7 24. h5 Rde7 25. h6 Bh8 26. Qd1 f6 27. exf6 Bxf6
28. Bg5 Rxe2 29. Rxe2 Rxe2 30. Qxe2 Kf7 31. Bxf6 Qxf6 32. Qd1 Ke6 33. Qa4 Nd6
34. Qa5 Qf4 35. Qxc5 Qc1+ 36. Kh2 Qxh6+ 37. Kg1 Qc1+ 38. Kh2 Qh6+ 1/2-1/2

[Event "4NCL Division 1 & 2"]
[Site "Daventry, ENG"]
[Date "2022.02.13"]
[Round "4.18"]
[White "Terbe, Julianna"]
[Black "Hunt, Harriet V"]
[Result "1-0"]
[WhiteElo "2285"]
[BlackElo "2400"]
[PlyCount "73"]
[EventDate "2022.02.13"]
[WhiteTeam "Chess.com Manx Liberty"]
[BlackTeam "Wood Green"]

1. d4 Nf6 2. Nf3 e6 3. Bf4 c5 4. e3 cxd4 5. exd4 b6 6. Nbd2 Bb7 7. Bd3 Be7 8.
h3 O-O 9. O-O d6 10. Re1 Nbd7 11. a4 a6 12. Bh2 Re8 13. c3 Nf8 14. a5 b5 15. c4
bxc4 16. Nxc4 Nd5 17. Qb3 Qd7 18. Nfd2 f5 19. Rac1 Rab8 20. Qa3 Red8 21. Rc2
Ba8 22. Bf1 Ng6 23. Nf3 Bc6 24. Rcc1 Bb5 25. Ne3 Ngf4 26. Bc4 Bxc4 27. Nxc4 Qb5
28. Bxf4 Nxf4 29. Qe3 g5 30. h4 Rdc8 31. Nxg5 Bxg5 32. hxg5 Rxc4 33. Qxf4 Rxc1
34. Rxc1 Qd5 35. Rc7 Rxb2 36. Qh4 Rb1+ 37. Kh2 1-0

[Event "4NCL Division 1 & 2"]
[Site "Daventry, ENG"]
[Date "2022.02.13"]
[Round "4.21"]
[White "Clarke, Brandon G I"]
[Black "Franklin, Samuel G A"]
[Result "1-0"]
[WhiteElo "2430"]
[BlackElo "2335"]
[PlyCount "117"]
[EventDate "2022.02.13"]
[WhiteTeam "Guildford Young Guns"]
[BlackTeam "Barbican 4NCL"]

1. e4 e5 2. Nf3 Nc6 3. Bb5 a6 4. Ba4 Nf6 5. O-O Be7 6. Re1 b5 7. Bb3 d6 8. c3
O-O 9. h3 Nb8 10. d4 Nbd7 11. Nbd2 Bb7 12. Bc2 Re8 13. Nf1 Bf8 14. Ng3 g6 15.
Bd2 Bg7 16. Qc1 d5 17. Bg5 dxe4 18. Bxe4 Bxe4 19. Nxe4 exd4 20. cxd4 Qc8 21.
Nxf6+ Nxf6 22. Qc6 Qd7 23. Rxe8+ Rxe8 24. Rc1 Qxc6 25. Rxc6 Nd5 26. Rxa6 h6 27.
Bd2 Kh7 28. Ra5 c6 29. Ra7 Kg8 30. Kf1 g5 31. a3 Re4 32. Ra8+ Kh7 33. Bxg5 Bxd4
34. Bc1 Bg7 35. b3 Re6 36. Ra7 Kg8 37. Bd2 Re4 38. Ra6 Re6 39. g4 Nc7 40. Rb6
Nd5 41. Rb8+ Kh7 42. Rb7 Kg8 43. Nh4 Bc3 44. Bxc3 Nxc3 45. Nf5 Ne4 46. Rd7 c5
47. f3 Ng5 48. Kg2 Ra6 49. h4 Ne6 50. Nxh6+ Kf8 51. Nxf7 Rxa3 52. Ng5 Nf4+ 53.
Kg3 Ne2+ 54. Kf2 Nd4 55. h5 Rxb3 56. h6 Rb2+ 57. Kg3 Ne2+ 58. Kh4 Rb1 59. h7
1-0

[Event "4NCL Division 1 & 2"]
[Site "Daventry, ENG"]
[Date "2022.02.13"]
[Round "4.22"]
[White "Jackson, James P"]
[Black "Wadsworth, Matthew J"]
[Result "1/2-1/2"]
[WhiteElo "2407"]
[BlackElo "2435"]
[PlyCount "97"]
[EventDate "2022.02.13"]
[WhiteTeam "Barbican 4NCL"]
[BlackTeam "Guildford Young Guns"]

1. d4 d5 2. c4 c6 3. Nf3 Nf6 4. Nc3 a6 5. a4 e6 6. Bg5 Be7 7. e3 h6 8. Bh4 O-O
9. Be2 dxc4 10. Ne5 c5 11. dxc5 Qxd1+ 12. Rxd1 Bxc5 13. Bf3 Ra7 14. Nxc4 b5 15.
Ne5 bxa4 16. Nd3 Be7 17. Nxa4 Bb7 18. Ke2 Bxf3+ 19. Kxf3 Nc6 20. Rc1 Rd8 21.
Ke2 Nb4 22. Nxb4 Bxb4 23. Rhd1 Rxd1 24. Rxd1 Rc7 25. Bxf6 gxf6 26. Kd3 Rc6 27.
b3 f5 28. Rb1 Kg7 29. Rb2 e5 30. f3 Kg6 31. g3 h5 32. e4 Kg5 33. Rf2 h4 34. f4+
exf4 35. Rxf4 fxe4+ 36. Kxe4 hxg3 37. hxg3 f6 38. Nb2 Be1 39. Nc4 Bxg3 40. Rf5+
Kg6 41. Rf1 Rc5 42. Ra1 Rb5 43. Rxa6 Rxb3 44. Ra3 f5+ 45. Kd5 Rxa3 46. Nxa3 Kg5
47. Nb5 Kg4 48. Nd4 f4 49. Ke4 1/2-1/2

[Event "4NCL Division 1 & 2"]
[Site "Daventry, ENG"]
[Date "2022.02.13"]
[Round "4.23"]
[White "Hebden, Mark L"]
[Black "Cox, John J"]
[Result "1-0"]
[WhiteElo "2455"]
[BlackElo "2319"]
[PlyCount "59"]
[EventDate "2022.02.13"]
[WhiteTeam "Guildford Young Guns"]
[BlackTeam "Barbican 4NCL"]

1. d4 Nf6 2. Nf3 e6 3. Bg5 d5 4. c4 h6 5. Bxf6 Qxf6 6. Nc3 c6 7. e3 g6 8. Be2
Bg7 9. O-O O-O 10. Qc2 Nd7 11. Rad1 Qe7 12. Rfe1 dxc4 13. Bxc4 Nb6 14. Bb3 Nd5
15. Na4 Rd8 16. a3 Bd7 17. e4 Nb6 18. Nc5 Be8 19. Ba2 Rab8 20. b4 Nd7 21. d5
Nxc5 22. bxc5 cxd5 23. exd5 Rbc8 24. Rc1 e5 25. d6 Qf6 26. Rxe5 Bc6 27. Re7 Rf8
28. Ne5 Qg5 29. Nxc6 Rxc6 30. h4 1-0

[Event "4NCL Division 1 & 2"]
[Site "Daventry, ENG"]
[Date "2022.02.13"]
[Round "4.24"]
[White "Taylor, Martin R"]
[Black "Kilpatrick, Callum"]
[Result "1/2-1/2"]
[WhiteElo "2343"]
[BlackElo "2409"]
[PlyCount "93"]
[EventDate "2022.02.13"]
[WhiteTeam "Barbican 4NCL"]
[BlackTeam "Guildford Young Guns"]

1. e4 e5 2. Nf3 Nc6 3. Bb5 Nf6 4. O-O Nxe4 5. Re1 Nd6 6. Nxe5 Be7 7. Bd3 Nxe5
8. Rxe5 O-O 9. Nc3 Ne8 10. Nd5 Bd6 11. Re1 Nf6 12. Ne3 Re8 13. Nc4 Bf8 14. b3
d5 15. Ne5 g6 16. Bb2 Bg7 17. f4 Qd6 18. Qf3 b6 19. Re2 Bb7 20. Rae1 Ne4 21.
Bxe4 dxe4 22. Qf2 Rad8 23. Nc4 Qd7 24. Bxg7 Kxg7 25. d3 exd3 26. Rxe8 Rxe8 27.
Ne5 d2 28. Rd1 Qf5 29. Qxd2 Re7 30. Nd3 Qd5 31. Qf2 h5 32. Re1 Rxe1+ 33. Nxe1
Qe4 34. Qd2 c5 35. Kf2 Qf5 36. Nf3 Bxf3 37. Kxf3 g5 38. g3 h4 39. g4 Qf6 40. f5
Qc6+ 41. Kf2 f6 42. Qe2 Qd6 43. Ke1 Kf8 44. Qg2 Qe5+ 45. Kd2 Qf4+ 46. Ke2 Qe5+
47. Kd2 1/2-1/2

[Event "4NCL Division 1 & 2"]
[Site "Daventry, ENG"]
[Date "2022.02.13"]
[Round "4.26"]
[White "French, Max"]
[Black "Grieve, Harry"]
[Result "1/2-1/2"]
[WhiteElo "2246"]
[BlackElo "2384"]
[PlyCount "119"]
[EventDate "2022.02.13"]
[WhiteTeam "Barbican 4NCL"]
[BlackTeam "Guildford Young Guns"]

1. d4 f5 2. g3 Nf6 3. Bg2 g6 4. c4 Bg7 5. b3 O-O 6. Bb2 d6 7. Nf3 Ne4 8. O-O
Nc6 9. Nc3 Nxc3 10. Bxc3 e5 11. dxe5 dxe5 12. Qd5+ Kh8 13. Qxd8 Rxd8 14. Ng5
Re8 15. Bd5 Bf6 16. Bxc6 bxc6 17. f4 Kg7 18. e3 a5 19. Nf3 exf4 20. Bxf6+ Kxf6
21. exf4 c5 22. Ne5 a4 23. Rfd1 Be6 24. Rab1 axb3 25. axb3 Ra3 26. Nd3 Ra2 27.
Ra1 Rc2 28. Rac1 Ra2 29. Ra1 Rc2 30. Rac1 Ra2 31. Nxc5 Bf7 32. Nd7+ Kg7 33. Ne5
Be6 34. Ra1 Rb2 35. Rd3 Kf6 36. Ra6 g5 37. Nd7+ Kg7 38. Ne5 gxf4 39. gxf4 Kf6
40. Nd7+ Kf7 41. Ne5+ Ke7 42. Nc6+ Kf8 43. Re3 Kf7 44. Ne5+ Kg7 45. Ra7 Kf6 46.
Nf3 Rc8 47. Ra6 c6 48. Nd4 Bd7 49. Re2 Rxe2 50. Nxe2 Ke7 51. Ra7 c5 52. Nc3 Rb8
53. Na4 Kd6 54. Ra6+ Bc6 55. Nc3 Rxb3 56. Nb5+ Kd7 57. Ra7+ Ke6 58. Ra6 Kd7 59.
Ra7+ Ke6 60. Ra6 1/2-1/2

[Event "4NCL Division 1 & 2"]
[Site "Daventry, ENG"]
[Date "2022.02.13"]
[Round "4.31"]
[White "Blackburn, Jonathan L B"]
[Black "Jones, Gawain C B"]
[Result "0-1"]
[WhiteElo "2227"]
[BlackElo "2671"]
[PlyCount "64"]
[EventDate "2022.02.13"]
[WhiteTeam "West is Best 1"]
[BlackTeam "Chessable White Rose 1"]

1. d4 Nf6 2. c4 g6 3. Nc3 Bg7 4. e4 d6 5. Nf3 O-O 6. h3 e5 7. d5 a5 8. Be3 Na6
9. g4 Nd7 10. Rg1 Ndc5 11. a3 Bd7 12. Nd2 Kh8 13. g5 f5 14. f3 c6 15. h4 cxd5
16. cxd5 b5 17. h5 gxh5 18. exf5 Bxf5 19. Nce4 Qd7 20. Qe2 Rab8 21. Bxc5 Nxc5
22. Qe3 Qf7 23. b4 Nxe4 24. fxe4 Bg4 25. Be2 Qf4 26. Qg3 Qxg5 27. Bxg4 Bh6 28.
O-O-O hxg4 29. Qxg4 Qxg4 30. Rxg4 Rf2 31. Kc2 axb4 32. axb4 Ra8 0-1

[Event "4NCL Division 1 & 2"]
[Site "Daventry, ENG"]
[Date "2022.02.13"]
[Round "4.32"]
[White "Adair, James R"]
[Black "Jones, Steven A"]
[Result "1-0"]
[WhiteElo "2444"]
[BlackElo "2215"]
[PlyCount "79"]
[EventDate "2022.02.13"]
[WhiteTeam "Chessable White Rose 1"]
[BlackTeam "West is Best 1"]

1. d4 Nf6 2. c4 g6 3. g3 Bg7 4. Bg2 O-O 5. Nc3 d6 6. Nf3 Nc6 7. O-O a6 8. b3
Rb8 9. d5 Na5 10. Bd2 c5 11. dxc6 Nxc6 12. Rc1 Bd7 13. Ne1 Re8 14. Nd3 b6 15.
Nd5 e6 16. Nxf6+ Bxf6 17. Nb4 Qc8 18. Be1 Rd8 19. Nc2 Be8 20. Ne3 Qc7 21. Nd5
exd5 22. cxd5 Rbc8 23. dxc6 d5 24. Bh3 Ra8 25. Bc3 Bxc3 26. Rxc3 Rd6 27. Qd4
Bxc6 28. Rfc1 Rad8 29. Bg4 Qb7 30. h4 h5 31. Bf3 Re6 32. R1c2 Rdd6 33. Qf4 Qe7
34. Qb4 Qb7 35. e3 a5 36. Qd4 Rf6 37. Bg2 Rfe6 38. Rxc6 Rxc6 39. Qxd5 Red6 40.
Qxd6 1-0

[Event "4NCL Division 1 & 2"]
[Site "Daventry, ENG"]
[Date "2022.02.13"]
[Round "4.33"]
[White "Cooper, John G"]
[Black "Wells, Peter K"]
[Result "0-1"]
[WhiteElo "2234"]
[BlackElo "2379"]
[PlyCount "82"]
[EventDate "2022.02.13"]
[WhiteTeam "West is Best 1"]
[BlackTeam "Chessable White Rose 1"]

1. Nf3 c5 2. g3 Nc6 3. Bg2 g6 4. c4 Bg7 5. Nc3 e6 6. O-O Nge7 7. d3 O-O 8. Be3
d6 9. Qc1 Nf5 10. Bd2 Rb8 11. Rb1 a6 12. a3 b5 13. cxb5 axb5 14. b4 cxb4 15.
axb4 Bd7 16. g4 Nh4 17. Nxh4 Qxh4 18. h3 h6 19. Ne4 Nd4 20. Qd1 f5 21. gxf5
gxf5 22. e3 fxe4 23. exd4 Bxd4 24. Qg4+ Qxg4 25. hxg4 Kg7 26. dxe4 e5 27. g5
hxg5 28. Bxg5 Rf7 29. Rb3 Rc8 30. Be3 Be6 31. Ra3 Rc3 32. Rfa1 Rxe3 33. fxe3
Bxa1 34. Rxa1 Bc4 35. Ra6 Rf6 36. Ra7+ Kh6 37. Rd7 Kg5 38. Bh3 Rf3 39. Bf5 Rxe3
40. Rxd6 Rb3 41. Kf2 Kf4 0-1

[Event "4NCL Division 1 & 2"]
[Site "Daventry, ENG"]
[Date "2022.02.13"]
[Round "4.35"]
[White "Kett, Tim"]
[Black "Camacho Collados, Jose"]
[Result "0-1"]
[WhiteElo "2136"]
[BlackElo "2400"]
[PlyCount "90"]
[EventDate "2022.02.13"]
[WhiteTeam "West is Best 1"]
[BlackTeam "Chessable White Rose 1"]

1. e4 c6 2. d4 d5 3. e5 c5 4. dxc5 e6 5. a3 Bxc5 6. b4 Be7 7. Qg4 g6 8. Nf3 a5
9. bxa5 Nc6 10. Bd3 Qxa5+ 11. Bd2 Qc7 12. O-O f6 13. Nc3 fxe5 14. Nb5 Qd7 15.
Qg3 Bf6 16. Ng5 Bxg5 17. Bxg5 Nge7 18. f4 Nd4 19. Nxd4 exd4 20. Bf6 O-O 21.
Bxd4 Qa4 22. c3 Nc6 23. Be5 Nxe5 24. fxe5 Qe8 25. Rxf8+ Qxf8 26. Rf1 Qh6 27.
Qf2 Qg7 28. Qc5 Bd7 29. Rf6 Re8 30. h3 Qe7 31. Qe3 Rc8 32. Bxg6 hxg6 33. Rxg6+
Kf7 34. Qh6 Qc5+ 35. Kh1 Rf8 36. Rf6+ Ke8 37. Qg6+ Kd8 38. Qg7 Re8 39. Rf7 Bc6
40. h4 Qxc3 41. Qg5+ Kc8 42. h5 d4 43. h6 d3 44. Rf1 d2 45. h7 Qd3 0-1

[Event "4NCL Division 1 & 2"]
[Site "Daventry, ENG"]
[Date "2022.02.13"]
[Round "4.37"]
[White "Macfarlane, Donald"]
[Black "Palliser, Richard J D"]
[Result "1-0"]
[WhiteElo "2200"]
[BlackElo "2413"]
[PlyCount "77"]
[EventDate "2022.02.13"]
[WhiteTeam "West is Best 1"]
[BlackTeam "Chessable White Rose 1"]

1. c4 g6 2. Nc3 Bg7 3. g3 Nf6 4. Bg2 O-O 5. e3 e5 6. Nge2 c6 7. d4 exd4 8. Nxd4
d6 9. O-O Re8 10. h3 a5 11. b3 Na6 12. Bb2 Nc5 13. Rb1 Bd7 14. Re1 Qc8 15. Kh2
h5 16. Qc2 Qc7 17. Kg1 Qc8 18. Kh2 Qc7 19. Kg1 Re7 20. a3 Rae8 21. b4 axb4 22.
axb4 Nce4 23. Nxe4 Nxe4 24. Ne2 Bxb2 25. Qxb2 Qb6 26. Nf4 Bf5 27. Ra1 Re5 28.
Red1 h4 29. g4 Bc8 30. Bxe4 Rxe4 31. Rxd6 R4e5 32. c5 Qc7 33. Rad1 Qe7 34.
Rxg6+ fxg6 35. Nxg6 Qg7 36. Nxe5 Bxg4 37. hxg4 Rxe5 38. Rd8+ Kh7 39. Qc2+ 1-0

[Event "4NCL Division 1 & 2"]
[Site "Daventry, ENG"]
[Date "2022.02.13"]
[Round "4.41"]
[White "Fodor, Tamas Jr."]
[Black "Zakarian, David"]
[Result "1-0"]
[WhiteElo "2526"]
[BlackElo "2316"]
[PlyCount "73"]
[EventDate "2022.02.13"]
[WhiteTeam "Cheddleton"]
[BlackTeam "Oxford 1"]

1. e4 c5 2. Nf3 e6 3. c3 Nf6 4. e5 Nd5 5. d4 cxd4 6. cxd4 d6 7. Nc3 Nxc3 8.
bxc3 Qc7 9. Bd2 Nd7 10. Bd3 b6 11. Ng5 Bb7 12. Qh5 g6 13. Qh3 Be7 14. exd6 Qxd6
15. O-O Bxg5 16. Bxg5 O-O 17. Rfe1 Rac8 18. Re3 Rfe8 19. Qh4 f5 20. Bf1 Qd5 21.
Rh3 Nf8 22. Bf6 Rc7 23. Be5 Rf7 24. Qh6 Rc8 25. Rg3 f4 26. Rh3 b5 27. Rf3 Qd7
28. Rxf4 Rxc3 29. Rxf7 Qxf7 30. Bxb5 Rc2 31. Qh4 Bxg2 32. Kxg2 Qb7+ 33. Kg1
Qxb5 34. Qf6 Qd7 35. Rb1 Rc8 36. h4 h6 37. Kh2 1-0

[Event "4NCL Division 1 & 2"]
[Site "Daventry, ENG"]
[Date "2022.02.13"]
[Round "4.42"]
[White "Mihov, Filip"]
[Black "Pert, Nicholas"]
[Result "1/2-1/2"]
[WhiteElo "2243"]
[BlackElo "2546"]
[PlyCount "77"]
[EventDate "2022.02.13"]
[WhiteTeam "Oxford 1"]
[BlackTeam "Cheddleton"]

1. d4 Nf6 2. c4 e6 3. g3 d5 4. Nf3 dxc4 5. Bg2 Nc6 6. O-O Rb8 7. Be3 Nd5 8. Bg5
Be7 9. Bxe7 Ndxe7 10. e3 O-O 11. Qe2 b5 12. b3 Ba6 13. Rc1 Nb4 14. Nbd2 Nd3 15.
Rc2 Nb4 16. Rcc1 c5 17. bxc4 bxc4 18. Nxc4 cxd4 19. Nxd4 Nf5 20. Nxf5 exf5 21.
Qd2 Qxd2 22. Nxd2 Rfc8 23. a3 Nd3 24. Rxc8+ Rxc8 25. Nb3 g6 26. Nd4 Ne5 27. Bf1
Bb7 28. Bg2 Be4 29. Bxe4 fxe4 30. Rb1 Nf3+ 31. Nxf3 exf3 32. g4 Rc3 33. h3 Rxa3
34. Kh2 Ra6 35. Rb7 Ra5 36. Kg3 Kg7 37. Kxf3 h5 38. gxh5 Rxh5 39. Ke4 1/2-1/2

[Event "4NCL Division 1 & 2"]
[Site "Daventry, ENG"]
[Date "2022.02.13"]
[Round "4.43"]
[White "Arkell, Keith C"]
[Black "Cont, Arya"]
[Result "1-0"]
[WhiteElo "2380"]
[BlackElo "2148"]
[PlyCount "279"]
[EventDate "2022.02.13"]
[WhiteTeam "Cheddleton"]
[BlackTeam "Oxford 1"]

1. d4 d5 2. Nf3 Nf6 3. c4 e6 4. cxd5 exd5 5. Nc3 Bb4 6. Qa4+ Nc6 7. Bg5 h6 8.
Bxf6 Qxf6 9. e3 O-O 10. Be2 Rd8 11. a3 Bxc3+ 12. bxc3 Bg4 13. O-O b6 14. c4 Ne7
15. Rfc1 c6 16. cxd5 Rxd5 17. h3 Ra5 18. Qd1 Bxf3 19. Bxf3 Rd8 20. Qe2 c5 21.
dxc5 Rxc5 22. Rd1 Rdc8 23. Rab1 Rc2 24. Rd8+ Rxd8 25. Qxc2 Qf5 26. Qxf5 Nxf5
27. Rc1 Nd6 28. a4 Rd7 29. Rd1 Kf8 30. Bg4 Rd8 31. Rc1 Ne8 32. Kf1 g6 33. Be2
Rd7 34. g4 Rc7 35. Rd1 Ke7 36. h4 Nd6 37. Rd4 Rc5 38. Kg2 f6 39. f4 Ke6 40. Kf3
g5 41. hxg5 hxg5 42. Bd1 gxf4 43. exf4 Rc3+ 44. Ke2 f5 45. g5 Ra3 46. Bc2 a6
47. Rb4 b5 48. axb5 axb5 49. Bb3+ Ke7 50. Kd3 Ra1 51. Kd4 Rb1 52. Kd3 Rf1 53.
Ba2 Rg1 54. Kd4 Rd1+ 55. Ke3 Re1+ 56. Kf3 Ne4 57. Rxb5 Rf1+ 58. Ke3 Re1+ 59.
Kd4 Rd1+ 60. Ke5 Nd6 61. Rb1 Rd2 62. Bd5 Re2+ 63. Kd4 Rd2+ 64. Kc5 Rc2+ 65. Kb6
Rf2 66. Re1+ Kf8 67. Kc6 Nf7 68. Ra1 Rxf4 69. Ra8+ Kg7 70. Ra7 Kg6 71. Rxf7
Kxg5 72. Rg7+ Kf6 73. Rg8 Rg4 74. Rf8+ Ke5 75. Kc5 Rg1 76. Re8+ Kf4 77. Bc4 Rg3
78. Kd4 Ra3 79. Rg8 Rg3 80. Rh8 Rg1 81. Bd3 Rg4 82. Rh1 Rg3 83. Ra1 Kg5 84. Rf1
f4 85. Be2 Re3 86. Bf3 Kf5 87. Rf2 Re8 88. Rg2 Rd8+ 89. Kc3 Rd6 90. Bg4+ Kf6
91. Be2 Ke5 92. Rg8 Rc6+ 93. Kd2 Rd6+ 94. Ke1 Rh6 95. Re8+ Re6 96. Ra8 Rh6 97.
Ra5+ Ke4 98. Ra4+ Ke3 99. Ra3+ Kd4 100. Kf1 Rb6 101. Kf2 Rh6 102. Ra4+ Ke5 103.
Ra5+ Kd4 104. Kf3 Rf6 105. Bd1 Kd3 106. Rd5+ Kc4 107. Rd8 Kb4 108. Bc2 Kc3 109.
Be4 Kc4 110. Rd5 Rf8 111. Ra5 Kd4 112. Bf5 Re8 113. Ra4+ Kd5 114. Be4+ Ke5 115.
Ra5+ Kd4 116. Bg6 Rg8 117. Bf7 Rg1 118. Rd5+ Kc3 119. Rf5 Rf1+ 120. Ke2 Rh1
121. Rxf4 Rh2+ 122. Ke3 Rh3+ 123. Ke4 Rd3 124. Rf1 Rd4+ 125. Ke5 Rd7 126. Be6
Ra7 127. Rf3+ Kd2 128. Kd4 Ke2 129. Rf8 Rg7 130. Bc4+ Kd2 131. Rf2+ Ke1 132.
Re2+ Kd1 133. Rh2 Rg3 134. Bd3 Rg8 135. Kc3 Rc8+ 136. Bc4 Ke1 137. Re2+ Kd1
138. Re7 Rc6 139. Rf7 Rc5 140. Rd7+ 1-0

[Event "4NCL Division 1 & 2"]
[Site "Daventry, ENG"]
[Date "2022.02.13"]
[Round "4.44"]
[White "Cole, James"]
[Black "Kirk, Ezra"]
[Result "0-1"]
[WhiteElo "2040"]
[BlackElo "2438"]
[PlyCount "88"]
[EventDate "2022.02.13"]
[WhiteTeam "Oxford 1"]
[BlackTeam "Cheddleton"]

1. d4 Nf6 2. c4 g6 3. g3 Bg7 4. Bg2 d6 5. Nc3 O-O 6. Nf3 Nc6 7. O-O Bg4 8. d5
Na5 9. Nd2 c5 10. Qc2 a6 11. b3 b5 12. h3 Bd7 13. Rb1 Rb8 14. Bb2 Qc7 15. Rfc1
bxc4 16. bxc4 e5 17. dxe6 Bxe6 18. Nd5 Bxd5 19. cxd5 Rfe8 20. e3 Nb7 21. Nc4
Na5 22. Nd2 Nb7 23. Nc4 Nd7 24. Bxg7 Kxg7 25. Qc3+ f6 26. f4 Nd8 27. e4 Nf7 28.
h4 Rxb1 29. Rxb1 Rb8 30. Re1 Nb6 31. Qa5 Qa7 32. Ne3 Nd7 33. Bh3 Rb4 34. Ng2
Qb6 35. Qa3 c4+ 36. Kh2 Nc5 37. Be6 Nd3 38. Rf1 Rb1 39. Rxb1 Qxb1 40. Qxa6 Nf2
41. g4 Qh1+ 42. Kg3 Nxe4+ 43. Kf3 Qf1+ 44. Kxe4 Qd3# 0-1